000 00495nam a22001577a 4500
005 20251108165007.0
008 250721s1994 xx 000 0 ara d
082 1 4 _a530/رأف
100 1 _aواصف، رأفت كامل
245 1 0 _aأساسيات الفيزياء الكلاسيكية و المعاصرة /
264 1 _aالقاهره :
_bدار النشر للجامعات المصرية،
_c1994.
300 _a868ص
650 1 7 _aالفيزياء
942 _2ddc
_cBK
999 _c19354
_d19354